<?xml version="1.0" encoding="UTF-8"?>
<collection xmlns="http://www.loc.gov/MARC21/slim">
 <record>
  <leader>01160nam a22001817a 4500</leader>
  <controlfield tag="001">NCT_149298</controlfield>
  <controlfield tag="008">230503b        xxu||||| |||| 00| 0 vie d</controlfield>
  <datafield tag="999" ind1=" " ind2=" ">
   <subfield code="c">7698</subfield>
   <subfield code="d">7698</subfield>
  </datafield>
  <datafield tag="020" ind1=" " ind2=" ">
   <subfield code="a">9786043640632</subfield>
   <subfield code="c">sách tặng</subfield>
  </datafield>
  <datafield tag="082" ind1="0" ind2="4">
   <subfield code="2">23rd ed.</subfield>
   <subfield code="a">338.9</subfield>
   <subfield code="b">K600Y</subfield>
  </datafield>
  <datafield tag="245" ind1="0" ind2="0">
   <subfield code="a">Thủ tướng Võ Văn Kiệt tầm nhìn phát triển bền vững Đồng bằng sông Cửu Long, thích ứng biến đổi khí hậu:</subfield>
   <subfield code="b">Kỷ yếu hội thảo khoa học</subfield>
  </datafield>
  <datafield tag="260" ind1=" " ind2=" ">
   <subfield code="a">H. </subfield>
   <subfield code="b">Khoa học xã hội</subfield>
   <subfield code="c">2022</subfield>
  </datafield>
  <datafield tag="300" ind1=" " ind2=" ">
   <subfield code="a">200 tr.,</subfield>
   <subfield code="c">24cm</subfield>
  </datafield>
  <datafield tag="520" ind1="3" ind2=" ">
   <subfield code="a">Nội dung tài liệu tập hợp những bài viết về cuộc đời, sự nghiệp cách mạng cũng như dấu ấn của Cố Thủ tướng Võ Văn Kiệt với mãnh đất quê hương Vĩnh Long nói riêng và Đồng bằng sông Cửu Long nói chung.</subfield>
  </datafield>
  <datafield tag="653" ind1=" " ind2=" ">
   <subfield code="a">Kinh tế Chính trị</subfield>
  </datafield>
  <datafield tag="942" ind1=" " ind2=" ">
   <subfield code="2">ddc</subfield>
   <subfield code="c">BK</subfield>
  </datafield>
  <datafield tag="952" ind1=" " ind2=" ">
   <subfield code="0">0</subfield>
   <subfield code="1">0</subfield>
   <subfield code="2">ddc</subfield>
   <subfield code="4">0</subfield>
   <subfield code="6">338_900000000000000_K600Y</subfield>
   <subfield code="7">0</subfield>
   <subfield code="9">27558</subfield>
   <subfield code="a">000001</subfield>
   <subfield code="b">000001</subfield>
   <subfield code="d">2023-05-03</subfield>
   <subfield code="o">338.9 K600Y</subfield>
   <subfield code="p">MD.21797</subfield>
   <subfield code="r">2023-05-03</subfield>
   <subfield code="w">2023-05-03</subfield>
   <subfield code="y">BK</subfield>
  </datafield>
  <datafield tag="980" ind1=" " ind2=" ">
   <subfield code="a">Thư viện Trường Đại học Nam Cần Thơ</subfield>
  </datafield>
 </record>
</collection>
